| 000 | 00545nam a22001457a 4500 | ||
|---|---|---|---|
| 020 | _a978-93-5549-730-7 | ||
| 082 |
_a894.812 _bINN/C |
||
| 100 | _aINNOCENT | ||
| 245 | _aCANCER WARDILE CHIRI | ||
| 260 |
_aKOZHIKODE _bMATHRUBHUMI BOOKS _c2023 |
||
| 300 | _a128 | ||
| 520 | _aFilm actor Innocent shares his experiences as a Cancer patient. Cancer Wardile Chiri depicts how he managed to escape from the clutches of this deadly disease with the help of medicine, mind power and ofcourse laughter | ||
| 650 |
_aMALAYALAM STORY _zKERALA |
||
| 942 | _cBK | ||
| 999 |
_c6961 _d6961 |
||